[Event "Titled Tuesday intern op 19th Sep Late"]
[Site "Chess.com INT"]
[Date "2023.09.19"]
[Round "9"]
[White "Kavutskiy, Konstantin"]
[Black "Olenik Campa, Rudi"]
[Result "1-0"]
[WhiteElo "2394"]
[BlackElo "2281"]
[PlyCount "141"]
[EventDate "2023.09.19"]
[EventType "swiss (blitz)"]
[EventRounds "11"]
[EventCountry "USA"]
[SourceTitle "EXT 2024"]
[Source "ChessBase"]
[SourceDate "2023.10.10"]
[SourceVersion "1"]
[SourceVersionDate "2023.10.10"]
[SourceQuality "1"]

1. Nf3 g6 2. e4 c5 3. d4 cxd4 4. Nxd4 Nc6 5. c4 Bg7 6. Be3 Nf6 7. Nc3 Ng4 8. Qxg4 Nxd4 9. Qd1 e5 10. Bd3 0-0 11. 0-0 d6 12. Nb5 a6 13. Nxd4 exd4 14. Bd2 Be6 15. f4 Rc8 16. b3 b5 17. cxb5 axb5 18. f5 Bd7 19. Qf3 Re8 20. f6 Bf8 21. h4 h5 22. Bg5 Bg4 23. Qf4 Rc3 24. Bh6 Re6 25. Bxf8 Qxf8 26. Bxb5 Re3 27. Bc6 Re2 28. Bd5 Re5 29. Rf2 d3 30. Rxe2 dxe2 31. Kf2 Qc8 32. Rc1 Qd8 33. b4 Qb6+ 34. Qe3 Qd8 35. Qf4 Qb6+ 36. Kg3 Qxb4 37. Bxf7+ Kh7 38. Bg8+ Kxg8 39. f7+ Kh7 40. f8Q e1Q+ 41. Rxe1 Qxe1+ 42. Qf2 Qxf2+ 43. Qxf2 Rxe4 44. Qf7+ Kh6 45. Qf8+ Kh7 46. Qxd6 Bf5 47. Qc7+ Kh6 48. Qd8 Kh7 49. Kh2 Ra4 50. Qe7+ Kh6 51. Qf8+ Kh7 52. Qf7+ Kh6 53. Qg8 Rxh4+ 54. Kg1 Kg5 55. Qd8+ Kg4 56. a4 g5 57. a5 Kg3 58. Qd6+ Rf4 59. a6 Kg4 60. Qd1+ Kh4 61. Qe1+ Kg4 62. Qe2+ Kh4 63. a7 Ra4 64. Qe1+ Kg4 65. Qd1+ Kg3 66. Qxa4 h4 67. Qa3+ Kg4 68. a8Q h3 69. Q8f3+ Kh4 70. Qxh3+ Bxh3 71. Qxh3# 1-0

[Event "Titled Tuesday intern op 19th Sep Late"]
[Site "Chess.com INT"]
[Date "2023.09.19"]
[Round "4"]
[White "Olenik Campa, Rudi"]
[Black "Zilleruelo Irizarry, Diego"]
[Result "1-0"]
[WhiteElo "2281"]
[BlackElo "2114"]
[PlyCount "99"]
[EventDate "2023.09.19"]
[EventType "swiss (blitz)"]
[EventRounds "11"]
[EventCountry "USA"]
[SourceTitle "EXT 2024"]
[Source "ChessBase"]
[SourceDate "2023.10.10"]
[SourceVersion "1"]
[SourceVersionDate "2023.10.10"]
[SourceQuality "1"]

1. e4 c6 2. d4 d5 3. e5 c5 4. c4 cxd4 5. Nf3 Nc6 6. Nxd4 e6 7. Nxc6 bxc6 8. Nc3 Bb4 9. cxd5 Bxc3+ 10. bxc3 exd5 11. Bd3 Ne7 12. Qh5 g6 13. Qh6 Bf5 14. Be2 Qc7 15. Bf4 Qd7 16. 0-0 Bg4 17. f3 Be6 18. Bg5 Nf5 19. Qh3 Ne3 20. Qg3 Nxf1 21. Rxf1 h6 22. Bf6 Rh7 23. f4 Rb8 24. h4 Bf5 25. h5 Rb1 26. Rxb1 Bxb1 27. hxg6 Bxg6 28. Bg4 Qb7 29. f5 Qb1+ 30. Kh2 Bxf5 31. Bxf5 Qxf5 32. Qg8+ Kd7 33. Qb8 Qh5+ 34. Kg1 Qd1+ 35. Kf2 Qd2+ 36. Kf3 Qd3+ 37. Kf4 Qe4+ 38. Kg3 Qe3+ 39. Kh2 Qf4+ 40. Kh3 Qe3+ 41. g3 Rh8 42. Qd6+ Kc8 43. Qxc6+ Kb8 44. Qd6+ Ka8 45. Qxd5+ Kb8 46. Bxh8 Qg5 47. Qd6+ Kb7 48. Qd7+ Kb6 49. Qg4 Qd2 50. Qd4+ 1-0

[Event "Trieste op 25th"]
[Site "Trieste"]
[Date "2023.09.06"]
[Round "7"]
[White "Motola, Jacopo"]
[Black "Olenik Campa, Rudi"]
[Result "1/2-1/2"]
[WhiteElo "2212"]
[BlackElo "2281"]
[PlyCount "57"]
[EventDate "2023.09.02"]
[EventType "swiss"]
[EventRounds "9"]
[EventCountry "ITA"]
[SourceTitle "EXT 2024"]
[Source "ChessBase"]
[SourceDate "2023.10.10"]
[SourceVersion "1"]
[SourceVersionDate "2023.10.10"]
[SourceQuality "1"]

1. e4 c5 2. Nf3 Nc6 3. Bb5 g6 4. 0-0 Bg7 5. Bxc6 dxc6 6. d3 Qc7 7. h3 h6 8. Re1 g5 9. Nh2 h5 10. Nc3 g4 11. h4 g3 12. fxg3 Qxg3 13. Be3 Bd4 14. Bxd4 cxd4 15. Ne2 Qxh4 16. Nxd4 Nf6 17. Nhf3 Qg3 18. Qd2 Rg8 19. Qf2 Qc7 20. Nf5 Bxf5 21. exf5 h4 22. Qxh4 0-0-0 23. Ne5 Rd5 24. d4 Qb6 25. Nc4 Qxd4+ 26. Qxd4 Rxd4 27. Ne3 Nd5 28. Nxd5 Rxd5 29. Rad1 1/2-1/2

[Event "Speed Chess Q2 Sw"]
[Site "Chess.com INT"]
[Date "2023.08.23"]
[Round "4"]
[White "Sychev, Klementy"]
[Black "Olenik Campa, Rudi"]
[Result "1-0"]
[WhiteElo "2552"]
[BlackElo "2298"]
[PlyCount "67"]
[EventDate "2023.08.23"]
[EventType "swiss (blitz)"]
[EventRounds "14"]
[EventCountry "USA"]
[SourceTitle "CBM 215 Extra"]
[Source "ChessBase"]
[SourceDate "2023.09.30"]
[SourceVersion "1"]
[SourceVersionDate "2023.09.30"]
[SourceQuality "1"]

1. e4 e6 2. Qe2 c5 3. g3 Nc6 4. Nf3 d6 5. Bg2 g6 6. h4 h6 7. 0-0 Bg7 8. c3 e5 9. Na3 Bg4 10. Nc2 g5 11. Ne3 Bxf3 12. Qxf3 gxh4 13. Nf5 Bf6 14. Qh5 Nce7 15. Nxh4 Qd7 16. Kh2 Bxh4 17. Qxh4 Ng6 18. Qh3 Qe7 19. d4 h5 20. dxc5 h4 21. Kg1 hxg3 22. Qxg3 dxc5 23. Bg5 Qe6 24. Rad1 N8e7 25. c4 f6 26. Be3 Kf7 27. f4 exf4 28. Bxf4 Nxf4 29. Qxf4 Rag8 30. Rd6 Qh3 31. Rxf6+ Ke8 32. Qb8+ Nc8 33. Rf8+ Rxf8 34. Rxf8+ 1-0

[Event "Titled Tuesday intern op 22nd Aug Late"]
[Site "Chess.com INT"]
[Date "2023.08.22"]
[Round "1"]
[White "Sarana, Alexey"]
[Black "Olenik Campa, Rudi"]
[Result "1-0"]
[WhiteElo "2685"]
[BlackElo "2298"]
[PlyCount "41"]
[EventDate "2023.08.22"]
[EventType "swiss (blitz)"]
[EventRounds "11"]
[EventCountry "USA"]
[SourceTitle "EXT 2024"]
[Source "ChessBase"]
[SourceDate "2023.10.10"]
[SourceVersion "1"]
[SourceVersionDate "2023.10.10"]
[SourceQuality "1"]

1. d4 Nf6 2. c4 g6 3. Nc3 Bg7 4. e4 0-0 5. Bd3 d6 6. Nge2 c5 7. d5 e6 8. Bg5 exd5 9. Nxd5 Be6 10. Nec3 Nc6 11. 0-0 Nd4 12. Kh1 a6 13. f4 Bxd5 14. Nxd5 Ne6 15. Bh4 h6 16. e5 dxe5 17. fxe5 Nxd5 18. Bxd8 Ne3 19. Qe2 Nxf1 20. Bf6 Ng3+ 21. hxg3 1-0